Places in West Yorkshire - sudden death - Statistics

General Stats
  • This quiz has been taken 62 times
  • The average score is 13 of 24
Answers on the Grid
Answers color-coded by a green-red scale on the quiz's grid according to % correct below.
Bradford
New York
Huddersfield
Halifax
Heathrow
Loch Ness
Wakefield Prison
Batley
Dewsbury
Elland Road
Wolverhampton
Lake District
Lincoln
Bingley
Southend
Heckmondwike
Kippax
Blackpool
Caernarfon
Castleford
A test cricket ground
Aberdare
Nasty
Patrick Stewart's birthplace
Skipton
Todmorden
Booby Dingle
Tadcaster
Harold Wilson's birthplace
Leeds
Keighley
The M1-A1(M) junction
Asda head office
Carrickfergus
Loughton
BBC HQ
Sallynoggin
Tuebrook
Little Hulton
RSPB St. Aidan's
A 1966 World Cup stadium
Downfield
Pontefract
Morrisons HQ
Knottingley
Wanstead
Home of the Brontës
Greenford
 
Answer Stats
Answer % Correct
Bradford
100%
Halifax
83%
Huddersfield
83%
Ncknamed the Monster Mansion Wakefield Prison
83%
Dewsbury
78%
Elland Road
78%
Batley
67%
Bingley
64%
Castleford
64%
Headingley A test cricket ground
61%
Heckmondwike
61%
Keighley
53%
Leeds Leeds
53%
Kippax
47%
Pontefract
44%
Asda head office
39%
Mirfield Patrick Stewart's birthplace
39%
Todmorden
39%
Haworth Home of the Brontës
33%
The M1-A1(M) junction
33%
Knottingley
31%
Bradford Morrisons HQ
28%
RSPB St. Aidan's
28%
Huddersfield Harold Wilson's birthplace
25%
No matching quizzes found
Score Distribution
Percent of People with Each Score
Percentile by Number Answered
Your Score History
You have not taken this quiz